Galería de seres espantosos : (Registro nro. 12000)

Detalles MARC
000 -CABECERA
campo de control de longitud fija 01351nam a22003017a 4500
001 - NÚMERO DE CONTROL
campo de control 000721
003 - IDENTIFICADOR DEL NÚMERO DE CONTROL
campo de control DO-SdBPM
005 - FECHA Y HORA DE LA ÚLTIMA TRANSACCIÓN
campo de control 20260113132129.0
007 - CAMPO FIJO DE DESCRIPCIÓN FÍSICA--INFORMACIÓN GENERAL
campo de control de longitud fija ta
008 - DATOS DE LONGITUD FIJA--INFORMACIÓN GENERAL
campo de control de longitud fija 161107b2011 mx a ||||| |||| 00| 0 spa d
020 ## - NÚMERO INTERNACIONAL ESTÁNDAR DEL LIBRO
Número Internacional Estándar del Libro 9789870412595
040 ## - FUENTE DE LA CATALOGACIÓN
Centro catalogador/agencia de origen DO-SdBPM
Lengua de catalogación spa
Centro/agencia transcriptor BPMSU
Normas de descripción rda
082 #4 - NÚMERO DE LA CLASIFICACIÓN DECIMAL DEWEY
Número de clasificación 808.83
Número de documento/Ítem G154s 2011
Número de edición 22
245 10 - MENCIÓN DE TÍTULO
Título Galería de seres espantosos :
Resto del título antología /
Mención de responsabilidad, etc. Oche Califa...[et.al] ; ilustraciones de O'Kif-MG.
250 ## - MENCIÓN DE EDICIÓN
Mención de edición
264 ## - PRODUCCIÓN, PUBLICACIÓN, DISTRIBUCIÓN, FABRICACIÓN Y COPYRIGHT
Producción, publicación, distribución, fabricación y copyright México :
Nombre del de productor, editor, distribuidor, fabricante Alfaguara,
Fecha de producción, publicación, distribución, fabricación o copyright 2011
300 ## - DESCRIPCIÓN FÍSICA
Extensión 147 páginas :
Otras características físicas il.ustraciones ;
Dimensiones 20 cm.
336 ## - TIPO DE CONTENIDO
Término de tipo de contenido texto
Código de tipo de contenido txt
Fuente rdacontent
337 ## - TIPO DE MEDIO
Nombre/término del tipo de medio sin mediación
Código del tipo de medio n
Fuente rdamedia
338 ## - TIPO DE SOPORTE
Nombre/término del tipo de soporte volumen
Código del tipo de soporte nc
Fuente rdacarrier
490 0# - MENCIÓN DE SERIE
Mención de serie Alfaguara Juvenil
505 0# - NOTA DE CONTENIDO CON FORMATO
Título Los gnomos y el gigante sentimental --
Mención de responsabilidad Califa, Oche.
Título El fantasma del cañaveral --
Mención de responsabilidad Falbo, Graciela.
Título Qué bestias --
Mención de responsabilidad Keselman, Gabriela.
Título El colectivo fantasma --
Mención de responsabilidad Mariño, Ricardo.
Título El gigante solitario --
Mención de responsabilidad Méndez, Mario.
Título El vampiro negro --
Mención de responsabilidad Pérez Aguilar, Graciela.
Título El banquete --
Mención de responsabilidad Pescetti, Luis María.
Título El duende --
Mención de responsabilidad Roldán Laura.
Título El Mostruo Deforme baja al pueblo --
Mención de responsabilidad Valentino, Esteban.
590 ## - NOTA LOCAL (RLIN)
Nota local Inventariado, 2026/VM
650 #7 - PUNTO DE ACCESO ADICIONAL DE MATERIA--TÉRMINO DE MATERIA
Término de materia o nombre geográfico como elemento de entrada Cuentos de terror
Subdivisión de forma Colecciones
700 1# - PUNTO DE ACCESO ADICIONAL--NOMBRE DE PERSONA
Nombre de persona O'Kif-MG,
Fechas asociadas al nombre 1955-
Término indicativo de función/relación ilustraciones
910 ## - DATOS DE OPCIÓN DEL USUARIO (OCLC)
Datos de opción del usuario VMateo V. Control de calidad. BPMSU
942 ## - ELEMENTOS DE PUNTO DE ACCESO ADICIONAL (KOHA)
Fuente del sistema de clasificación o colocación Dewey Decimal Classification
Tipo de ítem Koha Libros
Existencias
Estado de retiro Estado de pérdida Fuente del sistema de clasificación o colocación No para préstamo Código de colección Localización permanente Ubicación/localización actual Fecha de adquisición Fuente de adquisición Total de préstamos Signatura topográfica completa Código de barras Fecha visto por última vez Precio válido a partir de Tipo de ítem Koha Número de copia
    Dewey Decimal Classification   Colección Infantil General Biblioteca Pública Metropolitana Salomé Ureña Biblioteca Pública Metropolitana Salomé Ureña 11/18/2016 Alfaguara   BPMSU CGI 808.83 G154s 2011 BPMSU16111421 11/18/2016 11/18/2016 Libros  
    Dewey Decimal Classification   Colección Infantil General Biblioteca Pública Metropolitana Salomé Ureña Biblioteca Pública Metropolitana Salomé Ureña 11/18/2016 Alfaguara   BPMSU CGI 808.83 G154s 2011 BPMSU16111422 11/18/2016 11/18/2016 Libros e.2
    Dewey Decimal Classification   Colección Infantil General Biblioteca Pública Metropolitana Salomé Ureña Biblioteca Pública Metropolitana Salomé Ureña 11/18/2016 Alfaguara   BPMSU CGI 808.83 G154s 2011 BPMSU16111423 11/18/2016 11/18/2016 Libros e.3